The Quantitative Analysis of Drug (Record no. 6230)

MARC details
000 -LEADER
fixed length control field 00443nam a22001697a 4500
005 - DATE AND TIME OF LATEST TRANSACTION
control field 20230118104819.0
008 - FIXED-LENGTH DATA ELEMENTS--GENERAL INFORMATION
fixed length control field 200517b xxu||||| |||| 00| 0 eng d
020 ## - INTERNATIONAL STANDARD BOOK NUMBER
ISBN 9788123907543
041 ## - LANGUAGE CODE
Language code of text/sound track or separate title eng
082 ## - DEWEY DECIMAL CLASSIFICATION NUMBER
Classification number 615.19 GAR
100 ## - MAIN ENTRY--AUTHOR NAME
Personal name GARRATT, D.C
245 ## - TITLE STATEMENT
Title The Quantitative Analysis of Drug
260 ## - PUBLICATION, DISTRIBUTION, ETC. (IMPRINT)
Place of publication New Delhi
Name of publisher CBS Publishers and distributors
Year of publication 2008
300 ## - PHYSICAL DESCRIPTION
Number of Pages 922
650 ## - SUBJECT ADDED ENTRY--TOPICAL TERM
Topical Term Pharmacy
General subdivision D.PHARMA
942 ## - ADDED ENTRY ELEMENTS (KOHA)
Koha item type Books
Holdings
Lost status Damaged status Collection code Home library Current library Shelving location Date acquired Source of acquisition Cost, normal purchase price Full call number Accession Number Koha item type
    Reference JRU Library JRU Library SHELF-3-B 17/05/2020 PURCHASE 795.00 615.19 GAR 23919 Books
    PHARMACY JRU Library JRU Library SHELF-19-A 17/03/2021 PURCHES 950.00 615.19 GAR 25793 Books
    PHARMACY JRU Library JRU Library SHELF-19-A 17/03/2021 PURCHES 950.00 615.19 GAR 25794 Books
    PHARMACY JRU Library JRU Library SHELF-19-A 17/03/2021 PURCHES 950.00 615.19 GAR 25795 Books
    PHARMACY JRU Library JRU Library SHELF-19-A 17/03/2021 PURCHES 950.00 615.19 GAR 25796 Books
    PHARMACY JRU Library JRU Library SHELF-19-A 17/03/2021 PURCHES 950.00 615.19 GAR 25797 Books